| 000 | 00684nam a2200181 i 4500 | ||
|---|---|---|---|
| 001 | 142123 | ||
| 003 | ES-MaACL | ||
| 005 | 20250815151156.0 | ||
| 007 | t| | ||
| 008 | 071003s1943 mx ||||1| spa d | ||
| 245 | 0 | 0 | _aVisita del Virrey Iturriagaray a la Universidad en 1803. |
| 260 |
_aMéxico : _bInstituto de Investigaciones Estéticas, _c1943 ( _fImp. Universitaria) |
||
| 300 |
_a46 p. : _bil. ; _c17 cm. |
||
| 500 | _aPublícase en conmemoración del XXXIII aniversario del restablecimiento de la Universidad Nacional de México. | ||
| 710 | 2 |
_aInstituto de Investigaciones Estéticas (México) _94970 |
|
| 852 |
_aES-MaACL _j1627-F-12 |
||
| 999 |
_c142123 _d142123 |
||